| 000 -ლიდერი |
| ფიქსირებული სიგრძის საკონტროლო ველი |
01140nam a22002057a 4500 |
| 003 - საკონტროლო ნომრის იდენტიფიკატორი |
| საკონტროლო ველი |
Ge_BSU |
| 005 - ბოლო ოპერაციის თარიღი და დრო |
| საკონტროლო ველი |
20241114152803.0 |
| 008 - ფიქსირებული სიგრძის მონაცემთა ელემენტები - ზოგადი ინფორმაცია |
| ფიქსირებული სიგრძის საკონტროლო ველი |
241114s1977 ge ||||| |||| 00| 0 geo d |
| 041 ## - ენის კოდი |
| Language code of text/sound track or separate title |
geo |
| 080 ## - უნივერსალური ათობითი კლასიფიკაციის ინდექსი |
| Universal Decimal Classification number |
612.392.3:544.65:577.121.7 ბ-43 |
| 100 ## - მთავარი ჩანაწერი - პიროვნების სახელი |
| Personal name |
ბეთანელი, ა |
| 9 (RLIN) |
2849 |
| 245 ## - ცნობა სათაურის შესახებ |
| Title |
რა უნდა იცოდეს პრაქტიკოსმა ქირურგმა წყლის, ელექტროლიტების ცვლისა და ენერგეტიკული ბალანსის შესახებ / |
| Statement of responsibility, etc |
ა. ბეთანელი, ვ. კვერენჩხილაძე, მ. ვასაძე. |
| 264 ## - წარმოების, გამოცემის, დისტრიბუციის და სხვა ცნობები |
| გამოცემის, წარმოების, დისტრიბუციის... ადგილი |
თბილისი : |
| გამოცემის, წარმოების, დისტრიბუციის... სახელწოდება |
საბჭ. საქართველო, |
| გამოცემის, წარმოების, დისტრიბუციის... თარიღი |
1977. |
| 300 ## - ფიზიკური აღწერა |
| Extent |
141 გვ. ; |
| Other physical details |
20 სმ. |
| 653 ## - INDEX TERM--UNCONTROLLED |
| Uncontrolled term |
წყალი. ელექტროლიტების ცვლის. ენერგეტიკული ბალანსი |
| 653 ## - INDEX TERM--UNCONTROLLED |
| Uncontrolled term |
მედიცინა |
| 700 ## - ADDED ENTRY--PERSONAL NAME |
| Personal name |
კვერენჩხილაძე, ვ. |
| 9 (RLIN) |
23697 |
| 700 ## - ADDED ENTRY--PERSONAL NAME |
| Personal name |
ვასაძე, მ. |
| 9 (RLIN) |
23698 |
| 942 ## - ADDED ENTRY ELEMENTS (KOHA) |
| Source of classification or shelving scheme |
|
| Koha item type |
წიგნი |